Eu canto e a montanha dança (Registo nº 199462)
[ vista simples ]
| 000 -Etiqueta do registo | |
|---|---|
| Valores | 00612nam 22002053 4500 |
| 010 ## - Número ISBN | |
| ISBN | 978-989-787-554-0 |
| 021 ## - Número do Depósito Legal | |
| Número | 529418/24 |
| 100 ## - Dados gerais de processamento | |
| Dados gerais | 20251209d u||y0pory50 ba |
| 200 ## - Titulo e menção de responsabilidade | |
| Título próprio | Eu canto e a montanha dança |
| Primeira menção de responsabilidade | Irene Solà |
| Outras menções de responsabilidade | tradução do catalão Rita Custódio e Àlex Tarradellas |
| 205 ## - Menção da edição | |
| Edição | 1ª |
| 210 ## - Publicação | |
| Local de publicação | Lisboa |
| Nome do editor | Cavalo de Ferro |
| Data de publicação | 2024 |
| 215 ## - Descrição física | |
| Paginação / Volumes | 183 p. |
| Outras indicações físicas | brochado |
| Dimensões | 22 cm |
| 606 ## - Nome comum usado como assunto | |
| ID Autoridade | 8 |
| Palavra de ordem | Literatura Espanhola |
| 675 ## - CDU | |
| Notação | 821.134.2-3 |
| Edição | PT |
| Língua | por |
| 700 ## - Autor principal (pessoa individual) | |
| ID Autoridade | 15314 |
| Apelido | Solà |
| Nome | Irene |
| Datas | 1990- |
| 801 ## - Fonte de origem | |
| País | PT |
| Agência | BMMN |
| Regras de catalogação | RPC |
| 830 ## - Notas gerais do catalogador | |
| Criado por | Fernando |
| Indexado por | Fernando |
| 990 ## - Elementos KOHA | |
| Tipo de documento | Livro |
| Situação do levantamento | Biblioteca de origem | Código de barras | Cota | Permissão de empréstimo | Tipo de documento | Forma de aquisição |
|---|---|---|---|---|---|---|
| Biblioteca Municipal de Montemor-o-Novo | 28312 | 821.134.2-3 SOL|LG | Livro | Compra |